000 00283nam a2200097Ia 4500
001 650200
005 20250826154354.0
008 250824s9999 xx 000 0 und d
245 0 _aGÜLİSTAN ANTİK DÜNYA KLASİKLERİ
_cŞEYH SADİ-İ ŞİRAZİ
260 _bANTİK DÜNYA KLASİKLERİ
999 _c650200
_d650200